भारतीय संस्कृति के नये आयाम / (Record no. 119192)
[ view plain ]
| 000 -LEADER | |
|---|---|
| fixed length control field | 01320nam a22002897a 4500 |
| 003 - CONTROL NUMBER IDENTIFIER | |
| control field | dpl |
| 005 - DATE AND TIME OF LATEST TRANSACTION | |
| control field | 20190502120521.0 |
| 008 - FIXED-LENGTH DATA ELEMENTS--GENERAL INFORMATION | |
| fixed length control field | 190502b ||||| |||| 00| 0 eng d |
| 010 ## - LIBRARY OF CONGRESS CONTROL NUMBER | |
| LC control number | B-145185 |
| 020 ## - INTERNATIONAL STANDARD BOOK NUMBER | |
| Terms of availability | 200.00 |
| International Standard Book Number | 8187450193 |
| 035 ## - SYSTEM CONTROL NUMBER | |
| System control number | B-145185, B-145189 |
| 037 ## - SOURCE OF ACQUISITION | |
| Source of stock number/acquisition | Cen Lib/Ret |
| 040 ## - CATALOGING SOURCE | |
| Original cataloging agency | DPL |
| Language of cataloging | HN |
| Transcribing agency | 0 |
| 082 ## - DEWEY DECIMAL CLASSIFICATION NUMBER | |
| Classification number | 306.0954 |
| Item number | परिम |
| 100 ## - MAIN ENTRY--PERSONAL NAME | |
| Personal name | परिमल, प्रकाश |
| 9 (RLIN) | 83763 |
| 245 ## - TITLE STATEMENT | |
| Title | भारतीय संस्कृति के नये आयाम / |
| Statement of responsibility, etc | प्रकाश परिमल |
| 246 ## - VARYING FORM OF TITLE | |
| Title proper/short title | Bhartiya sanskriti ke naye ayam / |
| Remainder of title | by Prakash Parimal |
| 260 ## - PUBLICATION, DISTRIBUTION, ETC. (IMPRINT) | |
| Place of publication, distribution, etc | जयपुर |
| Name of publisher, distributor, etc | शिल्पी प्रकाशन |
| Date of publication, distribution, etc | 2004 |
| 270 ## - ADDRESS | |
| Address | सी-177, महावीर मार्ग, मालवीय नगर |
| City | जयपुर |
| Postal code | 302017 |
| 300 ## - PHYSICAL DESCRIPTION | |
| Extent | 188पृ. : |
| Dimensions | 21सेमी(सजिल्द) |
| Other physical details | सचित्र |
| 500 ## - GENERAL NOTE | |
| General note | अनुक्रमणिका शामिल |
| 650 ## - SUBJECT ADDED ENTRY--TOPICAL TERM | |
| Topical term or geographic name as entry element | भारतीय संस्कृति |
| 9 (RLIN) | 83764 |
| 650 ## - SUBJECT ADDED ENTRY--TOPICAL TERM | |
| Topical term or geographic name as entry element | भारतीय संस्कृति--वैदिक काव्य शास्त्र |
| 9 (RLIN) | 83765 |
| 650 ## - SUBJECT ADDED ENTRY--TOPICAL TERM | |
| Topical term or geographic name as entry element | Indian culture |
| 9 (RLIN) | 3853 |
| 650 ## - SUBJECT ADDED ENTRY--TOPICAL TERM | |
| Topical term or geographic name as entry element | Indian culture - Vedic scriptures Poetry |
| 9 (RLIN) | 83766 |
| 942 ## - ADDED ENTRY ELEMENTS (KOHA) | |
| Source of classification or shelving scheme | Dewey Decimal Classification |
| Koha item type | Hindi Books |
| Classification part | 306.0954 |
| Call number suffix | परिम |
| Withdrawn status | Lost status | Damaged status | Not for loan | Home library | Current library | Date acquired | Source of acquisition | Cost, normal purchase price | Total Checkouts | Full call number | Barcode | Date last seen | Copy number | Cost, replacement price | Price effective from | Koha item type | Source of classification or shelving scheme | Collection code |
|---|---|---|---|---|---|---|---|---|---|---|---|---|---|---|---|---|---|---|
| Central Library | Central Library | 15/09/2015 | Cen Lib/Ret | 200.00 | 306.0954 परिम | B-145185 | 15/09/2015 | 1 | 200.00 | 15/09/2015 | Hindi Books | |||||||
| Shahdara Branch | Shahdara Branch | 02/05/2019 | BPPD/PUB | 200.00 | 306.0954 परिम | B-145189 | 02/05/2019 | 200.00 | 02/05/2019 | Hindi Books | Dewey Decimal Classification | Non-fiction |
